000
00212nam a22000857a 4500
008
170329b xxu||||| |||| 00| 0 eng d
100
_9
3060
_a
CBSE
245
_a
Sample paper Physics-XII
260
_a
New Delhi
_b
CBSE
_c
2010
999
_c
6329
_d
6329